Southville International School and Colleges
Your cart is empty.
  • Cart
  • Lists
    Public lists Eva Luna New books Lux_list list_1
    Your lists Log in to create your own lists
  • Log in to your account
  • Your cookies
  • Search history
Southville International School and Colleges
  • Advanced search
  • Recent comments
  • Most popular
  • Libraries

Log in to your account

Log in with GOOGLE


If you do not have an external account, but do have a local account, you can still log in:

  1. Home
  2. MARC view: Award winners :
Normal view MARC view ISBD view

Award winners : (Record no. 18256)

[ view plain ]
MARC details
000 -LEADER
fixed length control field 00622nam a22002057a 4500
003 - CONTROL NUMBER IDENTIFIER
control field DEla salle
005 - DATE AND TIME OF LATEST TRANSACTION
control field 20140310183012.0
008 - FIXED-LENGTH DATA ELEMENTS--GENERAL INFORMATION
fixed length control field 130211t xxu||||| |||| 00| 0 eng d
050 ## - LIBRARY OF CONGRESS CALL NUMBER
Classification number N 393.P4
Item number .Al49 1996
100 ## - MAIN ENTRY--PERSONAL NAME
Personal name Alvero, Jane Stangl.
245 ## - TITLE STATEMENT
Title Award winners :
Remainder of title a visual arts registry /
Statement of responsibility, etc Jane Stangl Alvero.
260 ## - PUBLICATION, DISTRIBUTION, ETC. (IMPRINT)
Place of publication, distribution, etc [Quezon City] :
Name of publisher, distributor, etc Peso Book Foundation,
Date of publication, distribution, etc 1996.
300 ## - PHYSICAL DESCRIPTION
Extent 155 p. :
Dimensions 28 cm.
Other physical details ill. (some col.)
521 ## - TARGET AUDIENCE NOTE
Target audience note
650 ## - SUBJECT ADDED ENTRY--TOPICAL TERM
Topical term or geographic name as entry element Art
General subdivision Philippines
650 ## - SUBJECT ADDED ENTRY--TOPICAL TERM
Topical term or geographic name as entry element Art
General subdivision Philippines
-- Competitions
650 ## - SUBJECT ADDED ENTRY--TOPICAL TERM
Topical term or geographic name as entry element Art, Philippine
General subdivision 20th century
942 ## - ADDED ENTRY ELEMENTS (KOHA)
Source of classification or shelving scheme Library of Congress Classification
Koha item type Books
Call number prefix Local
Holdings
Withdrawn status Lost status Source of classification or shelving scheme Damaged status Home library Current library Shelving location Date acquired Total Checkouts Full call number Barcode Date last seen Copy number Price effective from Koha item type
    Library of Congress Classification   College Library College Library General Circulation Section 02/11/2013   N 393.P4 .Al49 1996 C5268 05/15/2018 1 02/11/2013 Books

Award winners :

APA

Alvero J. S., . (1996). Award winners. [Quezon City]: Peso Book Foundation.

Chicago

Alvero Jane Stangl, . 1996. Award winners. [Quezon City]: Peso Book Foundation.

Harvard

Alvero J. S., . (1996). Award winners. [Quezon City]: Peso Book Foundation.

MLA

Alvero Jane Stangl, . Award winners. [Quezon City]: Peso Book Foundation. 1996.

  • Place hold
  • Print
  • Cite
  • Add to your cart (remove)
  • Save record
    BIBTEX Dublin Core MARCXML MARC (non-Unicode/MARC-8) MARC (Unicode/UTF-8) MARC (Unicode/UTF-8, Standard) MODS (XML) RIS
  • More searches
    Search for this title in:
    Other Libraries (WorldCat) Other Databases (Google Scholar) Online Stores (Bookfinder.com) Open Library (openlibrary.org)

Exporting to Dublin Core...

SOUTHVILLE LIBRARY

Southville International School and Colleges Library

1281 Tropical Ave. Cor. Luxembourg St., BF Homes International, Las Pinas City

Tel. No. 8256374 / 252358 Loc. 117/146

Powered by Koha